000 00723cam a22002537a 4500
999 _c330127
_d330127
001 13503658
003 NUST
005 20170612111248.0
008 921210s1992 pk 000 0 urd|
010 _a 92931543
025 _aP-U-024135
035 _a(DLC) 92931543
040 _aDLC
_cDLC
_dDLC
042 _alcode
050 0 0 _aMLCSA 93/02340 (P)
082 _a891.4391
_bAMJ
100 1 _aAmjad, Amjad Islām,
_d1944-
_91998
245 1 0 _aUs pār /
_cAmjad Islām Amjad.
260 _aLāhore :
_bMāvarā Pablisharz,
_c1992.
300 _a150 p. ;
_c22 cm.
500 _aPoems.
500 _aIn Urdu.
650 _aUrdu literature- Poems
_91989
880 _6100-01\(3\r
_aامجد اسلام امجد
_d2010
880 _6245-02\(3\r
_aاس پار
_cامجد اسلام امجد
880 _6260-03\(3\r
_aلاہور:
_bجہانگیر بکس،
_c2010.
906 _a7
_bcbc
_corigode
_d3
_encip
_f19
_gy-gencatlg
942 _2ddc
_cBK